|
|
|
|
| LEADER |
00000nam a2200000 a 4500 |
| 001 |
vtls001405720 |
| 003 |
SK-MaSNL |
| 005 |
20260426004602.0 |
| 008 |
160322s2000 xo ac r yb 0 slo |
| 015 |
|
|
|a SNBE2001/02-00698
|
| 020 |
|
|
|a 8088675766
|
| 035 |
|
|
|a SNK000360344
|
| 040 |
|
|
|a SNK
|b slo
|c SNK
|e AACR2
|
| 041 |
0 |
|
|a slo
|
| 044 |
|
|
|a xo
|c SK
|
| 080 |
|
|
|a 746.3.071.1:061.4(083.9)
|2 1981
|
| 080 |
|
|
|a 929 Hollósy, Mária
|2 1981
|
| 245 |
1 |
|
|a Znovuobjavujúci dotyk s historickou výšivkou Márie Hollósy, jeho transformácia do novej výtvarnej reči
|b SNM-HM na Bratislavskom hrade od 23.11.2000-31.3.2001
|c koncepcia katalógu: Eva Cisárová-Minárikov á ; texty: Magdaléna M. Zubercová, Eva Cisárová-Mináriková ; preklad: Matúš Minárik
|
| 260 |
|
|
|a Bratislava
|b VŠVU
|c [2000]
|
| 500 |
|
|
|a Text čiast. nem.
|
| 500 |
|
|
|a 1000 výt.
|
| 504 |
|
|
|a Biogr. údaje. Použit. lit. Res. angl.
|
| 600 |
1 |
7 |
|a Hollósyová, Mária,
|d 1858-1945
|2 SNKMA
|9 161048
|
| 648 |
|
7 |
|a 2000-2001
|2 SNKPH
|9 297509
|
| 650 |
0 |
7 |
|a výšivky
|2 SNKPH
|9 3102
|
| 650 |
0 |
7 |
|a výstavy
|2 SNKPH
|9 2780
|
| 651 |
|
7 |
|a Bratislava (Slovensko)
|2 SNK
|9 14568
|
| 655 |
|
7 |
|a katalógy výstav
|2 SNK
|9 70445
|
| 700 |
1 |
|
|a Cisárová-Mináriková, Eva,
|d 1945-
|4 com
|4 tex
|9 135611
|
| 700 |
1 |
|
|a Zubercová, Mária Magdaléna,
|d 1943-
|4 tex
|9 116257
|
| 700 |
1 |
|
|a Minárik, Matúš
|4 trl
|9 20829
|
| 919 |
|
|
|a 80-88675-76-6
|
| 958 |
|
|
|a TL
|
| 958 |
|
|
|a BX
|
| 999 |
|
|
|c 983239
|d 985169
|
| 952 |
|
|
|t P60, <03>, [BOOK], {603}
|a SNK
|b SNK
|y PREZ
|7 0
|p 17A0266921
|o snkOSB 12774
|i snkKSP 1479/2001
|0 0
|1 0
|4 0
|d 2001-01-31
|l 0
|r 2005-01-02 00:00:00
|w 2026-02-24
|
| 952 |
|
|
|t P60, <04>, [BOOK], {604}
|a SNK
|b SNK
|y VYP
|7 0
|p 17A0266922
|o snkOSB 12774 D1
|i snkKSP 1480/2001
|0 0
|1 0
|4 0
|d 2001-01-31
|l 0
|r 2005-01-02 00:00:00
|w 2026-02-24
|